Gaming Quiz

Random Gaming or Nintendo Quiz

Top Selling Nintendo (NES) Games Quiz Stats

 Plays Quiz Updated Nov 1, 2021

     
Support Sporcle.
Go Orange.
Score 0/15 Timer 10:00
0 Plays Today
Units Sold Game % Correct
40.24 MillionSuper Mario Brothers
94.6%
17.28 MillionSuper Mario Brothers 3
67.4%
7.46 MillionSuper Mario Brothers 2
67.4%
28.31 Million Duck Hunt
66.3%
6.51 MillionThe Legend of Zelda
63.7%
5.58 MillionTetris
39.8%
4.38 MillionZelda II: The Adventure of Link
31.7%
4.16 MillionExcitebike
30.3%
Units Sold Game % Correct
4.85 MillionDr. Mario
27.4%
2.35 MillionBaseball
13%
3.50 MillionKung Fu
12%
4.01 MillionGolf
10.4%
3.87 MillionDragon Warrior III
5%
3.12 MillionDragon Warrior IV
4.6%
3.08 MillionWorld Class Track Meet
4.4%

From the Vault

'Ghostbusters' Lyrics

by sproutcm

Holiday 6m
'Our courteous and efficient staff is on call 24 hours a day to serve all your supernatural elimination needs.'
Remove Ads.
Support Sporcle.
Get the best of Sporcle when you Go Orange. This ad-free experience offers more features, more stats, and more fun while also helping to support Sporcle. Thank you for becoming a member.

Show Comments

Extras

Top Quizzes Today


Score Distribution

Your Account Isn't Verified!

In order to create a playlist on Sporcle, you need to verify the email address you used during registration. Go to your Sporcle Settings to finish the process.

Report this User

Report this user for behavior that violates our Community Guidelines.

Details: